Собрание сочинений. Т. 3: Романы, повесть, радиопьесы, рассказы, эссе, речи, интервью, 1959-1964 (Запись № 6952122)

Подробности
000 -МАРКЕР
контрольное поле 03016nam2a22004091 4500
001 - ИДЕНТИФИКАТОР ЗАПИСИ
контрольное поле rc\379662
005 - ИДЕНТИФИКАТОР ВЕРСИИ
контрольное поле 20250621231847.0
010 ## - МЕЖДУНАРОДНЫЙ СТАНДАРТНЫЙ НОМЕР КНИГИ (ISBN)
Номер (ISBN) 5-280-01218-1
Тираж 25000
035 ## - ДРУГИЕ СИСТЕМНЫЕ НОМЕРА
Идентификатор записи (NLR Aleph) 005972877
100 ## - ДАННЫЕ ОБЩЕЙ ОБРАБОТКИ
Данные общей обработки 20030307d1996 |||y0rusy50 ca
101 0# - ЯЗЫК РЕСУРСА
Язык текста, звукозаписи и т.д. русский
102 ## - СТРАНА ПУБЛИКАЦИИ ИЛИ ПРОИЗВОДСТВА
Страна публикации Российская Федерация
105 ## - ПОЛЕ КОДИРОВАННЫХ ДАННЫХ: ТЕКСТОВЫЕ МАТЕРИАЛЫ, МОНОГРАФИЧЕСКИЕ
Кодированные данные о монографическом текстовом документе y |||||||||
200 1# - ЗАГЛАВИЕ И СВЕДЕНИЯ ОБ ОТВЕТСТВЕННОСТИ
Основное заглавие Романы, повесть, радиопьесы, рассказы, эссе, речи, интервью, 1959-1964
Первые сведения об ответственности [Коммент. Г. Шевченко]
210 ## - ПУБЛИКАЦИЯ, РАСПРОСТРАНЕНИЕ И ДР.
Дата издания, распространения и т.д. 1996
Место издания, распространения и т.д. Б. м.
215 ## - ФИЗИЧЕСКАЯ ХАРАКТЕРИСТИКА
Специфическое обозначение материала и объем 716, [2] с.
327 1# - ПРИМЕЧАНИЯ О СОДЕРЖАНИИ
Текст примечания Содерж.: Романы: Бильярд в половине десятого; Глазами клоуна; Самовольная отлучка: Повесть; Радиопьесы: Стук, стук, стук...; Домофон; Концерт для четырех голосов; Рассказы: Город привычных лиц; Когда началась война; Когда кончилась война; Шмек не стоит слез; О падении трудовой морали; Эссе, речи, интервью
461 #0 - УРОВЕНЬ НАБОРА
Встроенное поле 001rc\328951
-- 2001#$aСобрание сочинений$eВ 5 т.$eПер. с нем.$fГенрих Белль$gРедкол.: А.В. Карельский и др.$g[Сост. и вступ. ст., с. 5-28, И.М. Фрадкина$gКоммент. Г.Ю. Бергельсона]$vТ. 3
-- 700#1$aБёлль$bГ.$gГенрих$f1917-1985$3RU\NLR\AUTH\7737239
Системный номер (АБИС) связанной записи 7854118
Автор Бёлль, Г. (1917-1985)
Место публикации М.
Дата публикации 1989-
Первые сведения об ответственности Генрих Белль
Имя издателя, распространителя и т.д. Худож. лит.
Сведения, относящиеся к заглавию В 5 т. : Пер. с нем.
Заглавие Собрание сочинений
ISBN 5280008257
Номер тома Т. 3
464 #0 - АНАЛИТИЧЕСКИЙ УРОВЕНЬ
Встроенное поле 2001#$aБильярд в половине десятого
Заглавие Бильярд в половине десятого
464 #0 - АНАЛИТИЧЕСКИЙ УРОВЕНЬ
Встроенное поле 2001#$aГлазами клоуна
Заглавие Глазами клоуна
464 #0 - АНАЛИТИЧЕСКИЙ УРОВЕНЬ
Встроенное поле 2001#$aСамовольная отлучка
Заглавие Самовольная отлучка
464 #0 - АНАЛИТИЧЕСКИЙ УРОВЕНЬ
Встроенное поле 2001#$aСтук, стук, стук...
Заглавие Стук, стук, стук...
464 #0 - АНАЛИТИЧЕСКИЙ УРОВЕНЬ
Встроенное поле 2001#$aДомофон
Заглавие Домофон
464 #0 - АНАЛИТИЧЕСКИЙ УРОВЕНЬ
Встроенное поле 2001#$aКонцерт для четырех голосов
Заглавие Концерт для четырех голосов
464 #0 - АНАЛИТИЧЕСКИЙ УРОВЕНЬ
Встроенное поле 2001#$aГород привычных лиц
Заглавие Город привычных лиц
464 #0 - АНАЛИТИЧЕСКИЙ УРОВЕНЬ
Встроенное поле 2001#$aКогда началась война
Заглавие Когда началась война
464 #0 - АНАЛИТИЧЕСКИЙ УРОВЕНЬ
Встроенное поле 2001#$aКогда кончилась война
Заглавие Когда кончилась война
464 #0 - АНАЛИТИЧЕСКИЙ УРОВЕНЬ
Встроенное поле 2001#$aШмек не стоит слез
Заглавие Шмек не стоит слез
464 #0 - АНАЛИТИЧЕСКИЙ УРОВЕНЬ
Встроенное поле 2001#$aО падении трудовой морали
Заглавие О падении трудовой морали
464 #0 - АНАЛИТИЧЕСКИЙ УРОВЕНЬ
Встроенное поле 2001#$aЭссе, речи, интервью
Заглавие Эссе, речи, интервью
801 #0 - ИСТОЧНИК ЗАПИСИ
Страна Российская Федерация
Организация NLR
Правила каталогизации psbo
801 #1 - ИСТОЧНИК ЗАПИСИ
Страна Российская Федерация
Организация ELAR
Источник данных rusmarc
852 ## - МЕСТОНАХОЖДЕНИЕ И ШИФР ХРАНЕНИЯ
Идентификатор организации NLR
Шифр хранения (Call Number) 90-3/166
942 ## - ДОПОЛНИТЕЛЬНЫЕ ЭЛЕМЕНТЫ ЗАПИСИ (АБИС)
Тип экземпляра АБИС Книга
980 ## - КОЛЛЕКЦИЯ
Название коллекции Национальная библиография
Экземпляры
Тип экземпляра Дата поступления Библиотека постоянного хранения Библиотека текущего хранения Место хранения Шифр хранения Штрих-код Статус экземпляра Стоимость Источник поступления
Книга 26.10.2013 РНБ (Московский) РНБ (Московский) Русский книжный фонд: издания с 1957 года 90-3/166 5972877-10      
Книга 04.03.2014 РНБ (Московский) РНБ (Московский) Фонд общего зала литературы по филологии, педагогике и искусству (гуманитарной литературы) Л1 Ш6(4Г)/Б-434 1-367845   14950.00  
Книга 13.04.2014 РНБ (Садовая) РНБ (Садовая) Фонд научного зала литературы и искусства Нз Ш6(4Г)/Б-434/3 1-428586     Подсобные фонды РНБ